ბათუმის შოთა რუსთაველის სახელმწიფო უნივერსიტეტის ბიბლიოთეკა

Basic concepts and models for interpreter and translator training / (ბიბ.ჩანაწერი № 57740)

000 -LEADER
fixed length control field 01222cam a2200289 a 4500
001 - CONTROL NUMBER
control field 15883772
005 - DATE AND TIME OF LATEST TRANSACTION
control field 20201021132854.0
008 - FIXED-LENGTH DATA ELEMENTS--GENERAL INFORMATION
fixed length control field 090827s2009 ne a b 001 0 eng
010 ## - LIBRARY OF CONGRESS CONTROL NUMBER
LC control number 2009035932
020 ## - INTERNATIONAL STANDARD BOOK NUMBER
International Standard Book Number 9789027224323
035 ## - SYSTEM CONTROL NUMBER
System control number (OCoLC)ocn434613491
041 ## - LANGUAGE CODE
Language code of text/sound track or separate title eng
080 ## - UNIVERSAL DECIMAL CLASSIFICATION NUMBER
Universal Decimal Classification number 81'25 G-45
100 1# - MAIN ENTRY--PERSONAL NAME
Personal name Gile, Daniel.
9 (RLIN) 9643
245 10 - TITLE STATEMENT
Title Basic concepts and models for interpreter and translator training /
Statement of responsibility, etc. Daniel Gile.
Remainder of title Volume 8
264 ## - PRODUCTION, PUBLICATION, DISTRIBUTION, MANUFACTURE, AND COPYRIGHT NOTICE
Place of production, publication, distribution, manufacture Amsterdam :
Name of producer, publisher, distributor, manufacturer John Benjamins Pub. Co.,
Date of production, publication, distribution, manufacture, or copyright notice 2009.
300 ## - PHYSICAL DESCRIPTION
Extent 283 p. :
Other physical details ill. ;
Dimensions 25 cm.
490 1# - SERIES STATEMENT
Series statement Benjamins translation library,
International Standard Serial Number 0929-7316 ;
Volume/sequential designation v. 8.
Series statement EST suberies
650 #0 - SUBJECT ADDED ENTRY--TOPICAL TERM
Topical term or geographic name entry element Translators
General subdivision Training of.
9 (RLIN) 9644
650 #0 - SUBJECT ADDED ENTRY--TOPICAL TERM
Topical term or geographic name entry element Translating and interpreting.
9 (RLIN) 9634
653 ## - INDEX TERM--UNCONTROLLED
keyword თარჯიმნისა და თარჯიმნის ტრენინგის ძირითადი ცნებები და მოდელები
653 ## - INDEX TERM--UNCONTROLLED
keyword ლინგვისტიკა
830 #0 - SERIES ADDED ENTRY--UNIFORM TITLE
Uniform title Benjamins translation library ;
Volume/sequential designation v. 8.
9 (RLIN) 9632
830 #0 - SERIES ADDED ENTRY--UNIFORM TITLE
Uniform title Benjamins translation library.
Name of part/section of a work EST subseries.
9 (RLIN) 9645
942 ## - ADDED ENTRY ELEMENTS (KOHA)
Source of classification or shelving scheme
Koha item type წიგნი
ეგზემპლარები
Withdrawn status Lost status Source of classification or shelving scheme Damaged status Not for loan Permanent Location Current Location Shelving location Date acquired Cost, normal purchase price Full call number Barcode Date last seen Copy number Price effective from Koha item type Public note
          ბათუმის შოთა რუსთაველის სახელმწიფო უნივერსიტეტის მთავარი ბიბლიოთეკა ბათუმის შოთა რუსთაველის სახელმწიფო უნივერსიტეტის მთავარი ბიბლიოთეკა წიგნსაცავი 2020-10-21 120.00 81'25 G-45 61088 2020-10-21 61088 2020-10-21 წიგნი 120 ლ.
          ბათუმის შოთა რუსთაველის სახელმწიფო უნივერსიტეტის მთავარი ბიბლიოთეკა ბათუმის შოთა რუსთაველის სახელმწიფო უნივერსიტეტის მთავარი ბიბლიოთეკა წიგნსაცავი 2022-09-13 191.00 81'25 G-45 63042 2022-09-13 63042 2022-09-13 წიგნი 191 ლ.